[Event "ESP-ch U16"]
[Site "Salobrena"]
[Date "2022.07.25"]
[Round "2"]
[White "Oudeh Mishmesh, Omar"]
[Black "Curiel Garcia, Christian"]
[Result "1-0"]
[WhiteElo "2112"]
[BlackElo "1866"]
[PlyCount "141"]
[EventDate "2022.07.25"]
[EventType "swiss"]
[EventRounds "9"]
[EventCountry "ESP"]
[SourceTitle "EXT 2023"]
[Source "ChessBase"]
[SourceDate "2022.10.05"]
[SourceVersion "1"]
[SourceVersionDate "2022.10.05"]
[SourceQuality "1"]

1. c4 Nf6 2. Nc3 g6 3. Nf3 Bg7 4. g3 d6 5. d4 0-0 6. Bg2 Bf5 7. 0-0 Ne4 8. Qb3 Nxc3 9. bxc3 Be4 10. h4 Qc8 11. h5 Nc6 12. hxg6 hxg6 13. Ng5 Bxg2 14. Kxg2 Na5 15. Qa4 b6 16. Rh1 c5 17. Qd1 f6 18. Nf3 Kf7 19. e4 Rh8 20. Rxh8 Bxh8 21. e5 dxe5 22. dxe5 Qc6 23. Qe2 Rd8 24. Be3 Qd7 25. Rh1 Bg7 26. Bh6 Qd3 27. Qe1 Rh8 28. Qc1 Bxh6 29. Rxh6 Rxh6 30. Qxh6 Qe4 31. Qh7+ Ke8 32. Qg8+ Kd7 33. exf6 exf6 34. Qf7+ Qe7 35. Qxg6 Nxc4 36. Qd3+ Nd6 37. Nd2 Qe6 38. a4 Kc6 39. Kh2 Qd5 40. Qe3 Qh5+ 41. Kg2 Qd5+ 42. Kg1 Nf5 43. Qe8+ Kc7 44. Ne4 Qd1+ 45. Kg2 Qd5 46. Kh2 Nd6 47. Qe7+ Kc6 48. Nxf6 Qf5 49. Kg1 a6 50. Ne8 Qb1+ 51. Kh2 Nxe8 52. Qxe8+ Kc7 53. Qe5+ Kc6 54. g4 Qa2 55. Kg3 b5 56. axb5+ axb5 57. g5 b4 58. Qe8+ Kc7 59. cxb4 cxb4 60. Qe7+ Kc6 61. Qxb4 Qa1 62. Qe4+ Kc7 63. Kf4 Qc1+ 64. Kf5 Kd7 65. f4 Qc5+ 66. Qe5 Qc2+ 67. Kf6 Qc6+ 68. Kf7 Qc4+ 69. Kg7 Qc1 70. g6 Kd8 71. f5 1-0

[Event "ESP-ch States U16"]
[Site "Isla"]
[Date "2022.06.23"]
[Round "1"]
[White "Curiel Garcia, Christian"]
[Black "Garcia Caro, Juan Alber"]
[Result "0-1"]
[WhiteElo "1827"]
[BlackElo "2172"]
[PlyCount "64"]
[EventDate "2022.06.23"]
[EventType "swiss"]
[EventRounds "6"]
[EventCountry "ESP"]
[SourceTitle "EXT 2023"]
[Source "ChessBase"]
[SourceDate "2022.10.05"]
[SourceVersion "1"]
[SourceVersionDate "2022.10.05"]
[SourceQuality "1"]

1. d4 d5 2. c4 e6 3. Nc3 c6 4. Nf3 Nf6 5. Bg5 Be7 6. e3 0-0 7. Qc2 h6 8. Bh4 Nbd7 9. Rd1 b6 10. cxd5 cxd5 11. Be2 Bb7 12. h3 Rc8 13. Qb3 Ne4 14. Bxe7 Qxe7 15. 0-0 Nxc3 16. bxc3 Rc7 17. Rd2 Rfc8 18. Rc1 Nb8 19. Rdc2 Nc6 20. Bd3 Na5 21. Qb4 Qe8 22. Nd2 Bc6 23. Ba6 Bb7 24. Bd3 Bc6 25. Nb3 Ba4 26. Ba6 Nc4 27. Nd2 Bxc2 28. Nxc4 Rxc4 29. Bxc4 Rxc4 30. Rxc2 Rxb4 31. cxb4 Qa4 32. Rb2 Qa3 0-1